| 000 | 00425 a2200121 4500 | ||
|---|---|---|---|
| 001 | ART_39774 | ||
| 005 | 20260410162012.0 | ||
| 008 | 260409a | ||
| 245 | 1 | 0 | _aLos cambios organizacionales y tecnológicos en las pequeñas y medianas empresas |
| 100 | 1 | _aKosacoff, Bernardo | |
| 700 | 1 | _aLópez, Andrés | |
| 773 | 0 |
_tRevista de la Escuela de Economía y Negocios _g- Año 2, Nº 4 (abr. 2000) _wREV39725 |
|
| 999 |
_c32345 _d32345 |
||